| 000 | 01043cam a22002894a 4500 | ||
|---|---|---|---|
| 001 | 14947819 | ||
| 003 | OSt | ||
| 005 | 20231205101203.0 | ||
| 008 | 070731s2007 ii af 000 0 eng | ||
| 010 | _a 2007556650 | ||
| 020 | _a817824179X | ||
| 040 |
_aDLC _cDLC |
||
| 043 | _aa-ii--- | ||
| 050 | 0 | 0 |
_aDS481.B6 _bA25 2007 |
| 082 |
_a954.035092 _bBOS/C |
||
| 100 | 1 |
_aBose, Subhas Chandra, _d1897-1945 _93199 |
|
| 240 | 1 | 0 |
_aWorks. _kSelections. _f2007 |
| 245 | 1 | 0 |
_aChalo Delhi : _bwritings and speeches, 1943-1945 / _cSubhas Chandra Bose ; edited by Sisir K. Bose and Sugata Bose. |
| 260 |
_aCalcutta : _bNetaji Research Bureau ; _aDelhi : _bPermanent Black, _cc2007. |
||
| 300 |
_axx, 450 p., [16] p. _bill. ; _c23 cm. |
||
| 490 | 0 |
_aNetaji collected works ; _vv. 12 |
|
| 700 | 1 |
_aBose, Sisir Kumar, _d1920-2000. |
|
| 700 | 1 |
_aBose, Sugata, _d1956- |
|
| 906 |
_a7 _bcbc _corignew _d3 _encip _f20 _gy-gencatlg |
||
| 942 |
_2ddc _cBK _h954.035092 _iBOS/C _k954.035092 _mBOS/C |
||
| 999 |
_c43833 _d43833 |
||